000 00900nam a2200301Ia 4500
005 20250425161848.0
008 250425s9999 xx 000 0 und d
020 _a958600614X
041 _aspa
043 _ack
082 _a658.022
100 _aHALLORAN, JAMES W.
245 0 _aMANAGEMENT PARA PEQUEÑA Y MEDIANA EMPRESA: CURSO MGRAWILL DE CREACION DE EMPRESAS EN 36 HORAS
250 _a1A ED.
260 _aBOGOTA
260 _aColombia
_bMCGRAW-HILL
_c1996
300 _a207
500 _aTítulo Traducido: THE MACGRAW-HILL 36 HOUR COURSE ENTREPRENEURSHIP
650 _aADMINISTRACION DE EMPRESAS
650 _aADMINISTRACION FINANCIERA
650 _aADMINISTRACION-TECNICAS
650 _aEMPRESAS PEQUEÑAS
650 _aEMPRESAS PEQUEÑAS-ADMINISTRACION
700 _aFRANCISCO ORTIZ CHAPARRO
_etraductor
710 _aMCGRAW-HILL
942 _c01
010 _a32818
999 _c217668
_d217668